000 01149nam a2200229Ia 4500
001 L610-26421
003 IT-CnALBA
008 170116s9999||||xx |||||||||||||| ||und||
040 _aIT-CnALBA
_cIT-CnALBA
041 _aITALIANO
100 _aSOLIMANI FRANCESCO, DOTT.
245 0 _aMANUALE DI FISIOLOGIA VETERINARIA.
250 _a1a ed.
260 _a TO
_bUTET, UNIONE TIP. EDITR. TORINESE
_c1900 [1° Ed.:1900 - Ed.Ling.Originale: 1900]
300 _a166 p. (prefazione: 8)
500 _aPREFAZIONE DELL'AUTORE. FISIOLOGIA VETERINARIA. COMPOSIZIONE CHIMICA DELL'ORGANISMO. DIGESTIONE. ASSORBIMENTO. CIRCOLAZIONE DEL SANGUE. RESPIRAZIONE. SECREZIONE. RIPRODUZIONE. FUNZIONI DEL CERVELLO. MECCANICA ANIMALE.
501 _aSocietà San Paolo EM - Piazza San Paolo, 14 - 12051 ALBA (CN) (non commercial uses only) ® Copyright 2017
520 _aPREFAZIONE DELL'AUTORE. FISIOLOGIA VETERINARIA. COMPOSIZIONE CHIMICA DELL'ORGANISMO. DIGESTIONE. ASSORBIMENTO. CIRCOLAZIONE DEL SANGUE. RESPIRAZIONE. SECREZIONE. RIPRODUZIONE. FUNZIONI DEL CERVELLO. MECCANICA ANIMALE.
650 _aSCIENZE MEDICHE
942 _cBK
957 _71
999 _a31208
_bSI
_g Copie: 1
_c285529
_d285529